000 00831nam a2200253Ia 4500
003 OSt
005 20220926022606.0
006 a|||||r|||| 00| 0
007 ta
008 220923b |||||||| |||| 00| 0 eng d
037 _cGeneral Book
040 _aRTL
_cRTL
_beng
041 _2eng
_aeng
082 _aX9(F131)-65.1(X).N6, K6/UN
110 _aUnited Nations Economic and Social Affairs (Deptt of--)
245 0 _aPre-investment data for the aluminium industry
260 _aNew York
_bUnited Nations USA
_c1966
300 _a54p.
_ccm.
490 _aStudies in economics of Industry.2
650 _aTechnological Industry
_9236557
700 _aUnited Nations Economic and Social Affairs (Deptt of--)
942 _hX9(F131)-65.1(X).N6, K6/UN
_cGB
_2CC
999 _c639839
_d639839